| 000 | 00669nam a2200217 u 4500 | ||
|---|---|---|---|
| 005 | 20220916063616.0 | ||
| 008 | 150126s2007 r 000 0 eng d | ||
| 020 | _a9780822562238 (13 dígitos) | ||
| 020 | _a0822562235 (10 dígitales) | ||
| 035 | _aUPN01000201450 | ||
| 049 | _aI | ||
| 050 | 4 |
_aQP458 _bN4.6 |
|
| 100 | 1 |
_aNelson, Robin, _d1971- _931580 |
|
| 245 | 1 | 3 |
_aEl olfato / _cRobin Nelson. |
| 260 |
_aMinniapolis, USA : _bLerner, _c2007. |
||
| 300 |
_a23 p. : _bprincipalmente il. col. |
||
| 440 | 0 | _aMi primer paso al mundo real | |
| 650 | 4 |
_aOLFATO - _vLITERATURA INFANTIL _923194 |
|
| 650 | 7 |
_aLibros ilustrados para niños _2 _921365 |
|
| 905 | _aInfantil | ||
| 999 |
_c173551 _d173551 |
||